[Event "Buenos Aires Szmetan Giardelli op"]
[Site "Buenos Aires"]
[Date "2018.12.07"]
[Round "4"]
[White "Schultz, Rauanda"]
[Black "Salgado Aravena, Christopher Da"]
[Result "1/2-1/2"]
[WhiteElo "1557"]
[BlackElo "1782"]
[PlyCount "95"]
[EventDate "2018.12.04"]
[EventType "swiss"]
[EventRounds "9"]
[EventCountry "ARG"]
[SourceTitle "CBM 187 Extra"]
[Source "ChessBase"]
[SourceDate "2018.11.04"]
[SourceVersion "1"]
[SourceVersionDate "2018.11.04"]
[SourceQuality "1"]

1. d4 Nf6 2. c4 e6 3. Nf3 b6 4. Bg5 Bb7 5. e3 h6 6. Bh4 Be7 7. Be2 0-0 8. 0-0 d6 9. Nc3 Nbd7 10. Rc1 Ne4 11. Bxe7 Qxe7 12. Nxe4 Bxe4 13. Nd2 Bg6 14. Bf3 Rad8 15. Qa4 e5 16. Bc6 f5 17. Qxa7 Nf6 18. Qa3 Ng4 19. h3 Nf6 20. dxe5 Qxe5 21. Nf3 Qe7 22. Nd4 Qe5 23. Bd5+ Nxd5 24. cxd5 Qxd5 25. Rxc7 Rf7 26. Qa7 f4 27. Rxf7 Bxf7 28. Qxb6 Re8 29. exf4 Qe4 30. Qxd6 Bd5 31. Nf3 Re6 32. Qd8+ Re8 33. Qa5 Ra8 34. Qc5 Bxa2 35. Re1 Qxf4 36. b4 Bf7 37. b5 Rd8 38. b6 Rd5 39. Qc8+ Kh7 40. Rb1 Bg6 41. Rc1 Be4 42. Qc7 Qf6 43. b7 Bxf3 44. gxf3 Qg6+ 45. Kh1 Qe6 46. b8Q Qxh3+ 47. Qh2 Qxf3+ 48. Qg2 1/2-1/2